Komplexné hodnotenie akosti : Metodika-príklady /

Salvato in:
Dettagli Bibliografici
Autore principale: Cholewicka-Gozdzik, Krystyna (Autore)
Natura: Libro
Lingua:slovacco
Pubblicazione: Bratislava : Alfa, 1989
Edizione:Z poľského orig.
Serie:Edícia ekonomickej literatúry
Tags: Aggiungi Tag
Nessun Tag, puoi essere il primo ad aggiungerne!!

MARC

LEADER 00000nam a22000003a 4500
001 stu17275
005 20150617225754.5
008 910416s1989----cs------------------slo-d
020 |a 80-05-00100-2 
040 |a STU  |b slo 
041 0 |a slo 
044 |a cs 
080 |a 658.562 
100 1 |a Cholewicka-Gozdzik, Krystyna  |4 aut 
245 1 |a Komplexné hodnotenie akosti :  |b Metodika-príklady /  |c [aut.]Cholewicka-Gozdzik,Krystyna 
250 |a Z poľského orig. 
260 |a Bratislava :  |b Alfa,  |c 1989 
300 |a 272 s :  |b Tab.,grafy 
830 0 |a Edícia ekonomickej literatúry 
996 |b C87799  |c C*87799  |l CCXIV  |s P  |a 0  |w stu17275_0001